00431nam a2200145Ia 4500008004100000020001400041041000800055082001700063100001600080245010400096260001500200300002600215365001700241700002700258230718s9999 xx 000 0 und d a470845198 aeng a621.384bBLO aBlogh J. S. aThird Generation Systems And Intelligent Wireless Networking Smart Antennas And Adaptive Modulation bJohn Wiley dRef 1034 E ME (29674) cRs.b7904.00 aBlogh J. S. & Hanzo L.